Dingbats #7 - Statistics

General Stats
  • This quiz has been taken 90 times
  • The average score is 5 of 16
Answer Stats
Picture Answer % Correct
The big cheese
72%
High noon
71%
Skating on thin ice
65%
Cross purposes
56%
Keynote speech
47%
Balancing act
42%
Lockdown
35%
Hole in one
24%
Different strokes for different folks
23%
Satellite state
20%
Laughing gear
19%
Sharp practice
18%
Canary in the coal mine
15%
Checks and balances
13%
Cropduster
8%
Blindfold
6%
No matching quizzes found
Score Distribution
Percent of People with Each Score
Percentile by Number Answered
Your Score History
You have not taken this quiz